| 000 | 01129cam a2200325 i 4500 | ||
|---|---|---|---|
| 999 |
_c200437071 _d55283 |
||
| 001 | 200437071 | ||
| 003 | TR-AnTOB | ||
| 005 | 20220623102400.0 | ||
| 007 | ta | ||
| 008 | 001221s1971 sz 000 0 eng d | ||
| 029 | 0 |
_aESCBC _b.b25686495 |
|
| 035 | _a(OCoLC)807105931 | ||
| 040 |
_aESCBC _beng _erda _cESCBC _dOCLCQ _dTR-AnTOB |
||
| 041 | 0 | _aeng | |
| 050 | 1 | 4 |
_aHF1009.5 _b.I58 1971 |
| 090 |
_aHF1009.5 _b.I58 1971 |
||
| 245 | 0 | 0 |
_aExport promotion by private sector organizations / _cInternational Trade Centre UNCTAD/GATT. |
| 264 | 1 |
_aGenève : _bInternational Trade Centre, _c1971. |
|
| 300 |
_a280 pages ; _c24 cm |
||
| 336 |
_atext _btxt _2rdacontent/cat |
||
| 337 |
_aunmediated _bn _2rdamedia |
||
| 338 |
_avolume _bnc _2rdacarrier |
||
| 500 | _aA la part superior de la portada: United Nations Conference on Trade and Developement [and] General Agreement on Tariffs and Trade. | ||
| 650 | 0 |
_aForeign trade regulation _917914 |
|
| 650 | 0 |
_aCommerce _94500 |
|
| 710 | 2 |
_aInternational Trade Centre UNCTAD/GATT _941419 |
|
| 942 |
_2z _cBK |
||